| 000 | 00857nam a22002897a 4500 | ||
|---|---|---|---|
| 001 | 1596 | ||
| 003 | BR-CuiBMT | ||
| 005 | 20231216212824.0 | ||
| 008 | 231216c2012 prbfr p 0 a1por d | ||
| 022 | _a2316-4212 | ||
| 040 |
_aBR-CuiBMT _cBR-CuiBMT |
||
| 080 |
_22007 _a34 _x(05) |
||
| 090 |
_dPeriódico _a34(05) |
||
| 097 |
_aC _bDireito |
||
| 210 | 0 | _aR. judic. Paraná | |
| 245 | 0 | 0 | _aRevista judiciária do Paraná |
| 260 |
_aCuritiba : _bBonijuris, _c2006- |
||
| 300 |
_av. ; _b23 cm |
||
| 310 | _aSemestral | ||
| 362 | 0 | _aVol. 1, no. 1, 2006 - | |
| 530 | _aDisponível também em versão online. | ||
| 590 | _aData de início da coleção na biblioteca: 2012 - | ||
| 650 |
_aDireito _vPeriódicos _zParaná |
||
| 650 |
_aCiências jurídicas _vPeriódicos _zParaná |
||
| 710 | 2 | _aAssociação dos Magistrados do Paraná | |
| 942 |
_2udc _cREV |
||
| 999 |
_c1596 _d1596 |
||